|
|
|
|
| LEADER |
00000nam0a2200000 4500 |
| 001 |
225365 |
| 005 |
20231101230647.0 |
| 010 |
|
|
|a 9780471888475
|
| 035 |
|
|
|a (RuTPU)RU\TPU\book\245707
|
| 090 |
|
|
|a 225365
|
| 100 |
|
|
|a 20121109d1985 k y0engy50 ba
|
| 101 |
0 |
|
|a eng
|
| 102 |
|
|
|a US
|
| 105 |
|
|
|a a z 001zy
|
| 200 |
1 |
|
|a Power Plant System Design
|f K. W. Li, P. Priddy
|
| 210 |
|
|
|a US
|c John Wiley & Sons
|d 1985
|
| 215 |
|
|
|a 641 p.
|c il.
|
| 320 |
|
|
|a Index: p. 637-641.
|
| 606 |
1 |
|
|a Электрические станции
|2 stltpush
|3 (RuTPU)RU\TPU\subj\27616
|9 51341
|
| 610 |
1 |
|
|a электрическая энергия
|
| 610 |
1 |
|
|a электроэнергетика
|
| 610 |
1 |
|
|a электроэнергетические сооружения
|
| 610 |
1 |
|
|a электроэнергетическое оборудование
|
| 610 |
1 |
|
|a проектирование
|
| 610 |
1 |
|
|a конструкции
|
| 610 |
1 |
|
|a эксплуатационные характеристики
|
| 610 |
1 |
|
|a английский язык
|
| 675 |
|
|
|a 621.311.2
|v 3
|
| 700 |
|
1 |
|a Li
|b K. W.
|g Kam
|
| 701 |
|
1 |
|a Priddy
|b P.
|g Paul
|
| 801 |
|
1 |
|a RU
|b 63413507
|c 20121109
|
| 801 |
|
2 |
|a RU
|b 63413507
|c 20121121
|g RCR
|
| 942 |
|
|
|c BK
|